| 000 | 00708nam a22002057a 4500 | ||
|---|---|---|---|
| 999 |
_c61725 _d61725 |
||
| 005 | 20240422153757.0 | ||
| 008 | 240422s2005 enk||||| |||| 00| 0 eng d | ||
| 020 | _a9781584884156x | ||
| 041 | _aeng | ||
| 080 | _a614 W-83 | ||
| 100 |
_aWoodward, Mark _921910 |
||
| 245 |
_aEpidemiology: _bStudy Design and Data Analysis, Second Edition / _cMark Woodward. |
||
| 250 | _aSecond Edition | ||
| 264 |
_aBoca Raton : _bChapman and Hall, _c2005. |
||
| 300 |
_a850 p.; _b24 cm. |
||
| 653 | _aეპიდემიოლოგია | ||
| 653 | _aკვლევები, მონაცემები და ანალიზები | ||
| 653 | _aმედიცინა | ||
| 942 |
_2udc _cᲬᲘᲒᲜᲘ |
||